Sonic Characters Ultimate - Statistics

General Stats
  • This quiz has been taken 392 times
    333 since last reset
  • The average score is 52 of 406
Answer Stats
First Game Character % Correct
Sonic the Hedgehog (1991) Sonic the Hedgehog
99%
Sonic the Hedgehog 2 (8-Bit) Miles "Tails" Prower
94%
Sonic the Hedgehog (1991) Dr. Eggman
93%
Sonic the Hedgehog 3 Knuckles the Echidna
91%
Sonic CD Amy Rose
90%
Sonic CD Metal Sonic
86%
Sonic Adventure 2 Shadow the Hedgehog
81%
Sonic the Hedgehog (2006) Silver the Hedgehog
79%
Sonic Adventure 2 Rouge the Bat
75%
Knuckles' Chaotix Vector the Crocodile
75%
Knuckles' Chaotix Espio the Chameleon
74%
Knuckles' Chaotix Charmy Bee
73%
Sonic Advance 2 Cream the Rabbit
72%
Sonic Adventure Chao
71%
Sonic Rush Blaze the Cat
70%
SegaSonic the Hedgehog Mighty the Armadillo
65%
Sonic Heroes E-123 Omega
64%
Sonic Adventure Chaos
62%
Sonic Adventure 2 Maria Robotnik
62%
SegaSonic the Hedgehog Ray the Flying Squirrel
62%
Sonic Adventure Big the Cat
60%
Flicky Flicky
60%
Sonic Riders Jet the Hawk
60%
Sonic Unleashed Chip
59%
Sonic Adventure 2 Gerald Robotnik
59%
Sonic Riders Wave the Swallow
57%
Sonic the Hedgehog (2006) Princess Elise the Third
56%
Sonic Riders Storm the Albatross
56%
Sonic Adventure Tikal
55%
Sonic Adventure E-102 Gamma
54%
Sonic the Hedgehog Triple Trouble Fang the Sniper
54%
Shadow the Hedgehog Black Doom
52%
Sonic Advance 2 Vanilla the Rabbit
52%
Sonic the Hedgehog (2006) Mephiles the Dark
51%
Sonic Lost World Zavok
51%
Sonic Forces Infinite
50%
Sonic Advance 2 Cheese
49%
Sonic Lost World Zazz
49%
Sonic the Hedgehog 2 (16-Bit) Mecha Sonic
48%
Sonic the Fighters Bark the Polar Bear
46%
Sonic the Fighters Bean the Dynamite
46%
Sonic Frontiers Sage
46%
Sonic Boom: Rise of Lyric Sticks the Badger
45%
Sonic Unleashed Dark Gaia
43%
Sonic R Metal Knuckles
42%
Sonic Rush Eggman Nega
41%
Sonic Adventure Froggy
41%
Sonic R Tails Doll
41%
Sonic the Fighters (2012) Honey the Cat
40%
Sonic Rush Adventure Marine the Racoon
40%
Sonic Colors Cubot
39%
Sonic Colors Orbot
39%
Sonic Battle Emerl
38%
Sonic Boom: Rise of Lyric Lyric the Last Ancient
38%
Sonic Dash Tangle the Lemur
38%
Sonic Forces: Speed Battle Whisper the Wolf
38%
Sonic Adventure 2 President
37%
Sonic Unleashed Professor Pickle
37%
Sonic Lost World Zeena
36%
Sonic the Hedgehog (2006) Iblis
34%
Sonic and the Black Night Sir Lancelot
34%
Sonic Dash Surge the Tenrec
33%
Sonic Lost World Master Zik
32%
Sonic the Hedgehog 2 (8-Bit) Silver Sonic
32%
Sonic the Hedgehog (2006) Solaris
32%
Sonic Generations Time Eater
32%
Sonic Forces Avatar
31%
Sonic Adventure E-101 Beta
31%
Knuckles' Chaotix Heavy the Robot
31%
Sonic Advance 3 Gemerl
30%
Sonic and the Black Night King Arthur
30%
Sonic Chronicles: The Dark Brotherhood Shade the Echidna
30%
Sonic Superstars Trip the Sungazer
30%
Sonic Adventure ZERO
30%
Knuckles' Chaotix Bomb
29%
Sonic Colors Yacker
29%
Sonic Lost World Zor
29%
Shadow the Hedgehog Abraham Tower
28%
Sonic Lost World Zomom
28%
Sonic & Knuckles Eggrobo
27%
Sonic Unleashed Lin
27%
Sonic Heroes Chocola
26%
Sonic and the Black Night Merlina the Wizard
26%
Sonic Adventure 2 Biolizard
25%
Sonic Adventure E-103 Delta
25%
Sonic and the Secret Rings Shahra
25%
Sonic Adventure Omochao
24%
Sonic and the Secret Rings Erazor Djinn
23%
Sonic Boom: Rise of Lyric Perci
23%
The Murder of Sonic the Hedgehog Barry
22%
Sonic Frontiers The End
22%
Sonic Adventure E-105 Zeta
21%
The Murder of Sonic the Hedgehog Conductor
20%
Sonic Adventure 2 Dark Chao
20%
Sonic Frontiers Knight
20%
Sonic and the Black Night Sir Gawain
20%
Sonic Adventure E-104 Epsilon
19%
Sonic & Knuckles Mecha Sonic Mk. II
19%
Sonic and the Black Night Sir Galahad
19%
Sonic and the Black Night Caliburn
18%
Team Sonic Racing Dodon Pa
18%
Sonic Frontiers Giganto
18%
Sonic Adventure Pachacamac
18%
Sonic Advance Mecha Knuckles
17%
Sonic Chronicles: The Dark Brotherhood Sal
17%
Sonic Mania Heavy King
16%
Sonic Mania Heavy Magician
16%
Sonic Adventure 2 Hero Chao
16%
Sonic Rush Adventure Johnny
16%
Sonic Mania Heavy Gunner
15%
Sonic Mania Heavy Shinobi
15%
Sonic Colors (DS) Mother Wisp
15%
Sonic Frontiers Wyvern
15%
Sonic and the Secret Rings Ali Baba
14%
Sonic and the Secret Rings Sinbad the Salior
14%
Sonic Frontiers Supreme
14%
Sonic Forces: Speed Battle Tails Nine
14%
Tails' Skypatrol Witchcart
14%
Sonic Rush Adventure Captain Whisker
13%
Sonic Mania Heavy Rider
13%
Sonic Rivals 2 Metal Sonic 3.0
12%
Sonic Superstars Metal Tails
12%
Sonic the Hedgehog (2006) Sonic Man
12%
Sonic Forces: Speed Battle Rusty Rose
11%
Sonic Shuffle Void
11%
Sonic Dream Team Ariem
10%
Sonic Rivals 2 Ifrit
10%
Sonic Chronicles: The Dark Brotherhood Imperator Ix
10%
Sonic Shuffle Lumina Flowlight
10%
Sonic Superstars Metal Amy
10%
Sonic the Fighters Rocket Metal
10%
Sonic Adventure 2 Secretary
10%
Sonic and the Black Night Blacksmith
9%
Dr. Robotnik's Mean Bean Machine Has Bean
9%
Sonic Forces: Speed Battle Knuckles the Dread
9%
Sonic and the Black Night Nimue
9%
Sonic Adventure Birdie
8%
Sonic Heroes Shadow Android
8%
Sonic and the Black Night Sir Lamorak
8%
Sonic Battle Chaos Gamma
7%
Sonic Frontiers Dragon
7%
Sonic Shuffle Illumina
7%
Sonic Superstars Black Dragon
6%
Sonic Adventure 2 King Boom Boo
6%
The Murder of Sonic the Hedgehog Mirage Express
6%
Sonic Frontiers Snake
6%
Sonic Frontiers Tiger
6%
Sonic Riders Babylon Guardian
5%
Shadow the Hedgehog Black Bull
5%
Tails' Skypatrol Carrotia
5%
Sonic Riders E-10000G
5%
Tails' Skypatrol Focke-Wulf
5%
Sonic Superstars Metal Trip
5%
Sonic Unleashed SA-55
5%
Sonic Riders E-10000R
4%
Sonic Adventure 2: Battle Happy
4%
Sonic and the Secret Rings King Shahryar
4%
Sonic Frontiers Master King
4%
Sonic the Hedgehog (2006) Solomon
4%
Tails Adventure Battle Kukku XVI
3%
Tails' Skypatrol Bearenger
3%
Sonic Frontiers Crane
3%
Sonic Boom: Fire & Ice D-Fect
3%
Sonic the Hedgehog (2006) Duke of Soleana
3%
Sonic Rush Adventure Gardon
3%
Sonic Mania Jimmy
3%
Sonic Forces: Speed Battle Longclaw the Giant Owl
3%
Sonic Superstars Metal NiGHTS
3%
Sonic Rush Adventure Mini
3%
Sonic Chronicles: The Dark Brotherhood Prefect Charyb
3%
Sonic Chronicles: The Dark Brotherhood Prefect Scylla
3%
Sonic and the Secret Rings Uhu the Wind Genie
3%
Sonic Dash Alpha Grim Sonic
2%
Sonic Boom: Fire & Ice Amy-bot
2%
Sonic Dash Andronic
2%
Sonic Boom: Rise of Lyric Chef Woody
2%
Sonic Unleashed Chun
2%
Sonic Boom: Rise of Lyric Cliff
2%
Sonic Adventure 2: Battle Dinner
2%
Sonic and the Black Night Earth Dragon
2%
Sonic Boom: Rise of Lyric Fastidious Beaver
2%
Sonic and the Secret Rings King Solomon
2%
Sonic Boom: Fire & Ice Knuckles-bot
2%
Sonic Unleashed Lilli
2%
Sonic Colors (DS) Milk
2%
Sonic and the Black Night Mist Dragon
2%
Sonic Rush Adventure Mum
2%
Sonic Chronicles: The Dark Brotherhood Nestor the Wise
2%
Sonic Rush Adventure Norman
2%
Sonic the Hedgehog (2006) Pele
2%
Sonic Boom: Rise of Lyric Q-N-C
2%
Sonic Riders: Zero Gravity SCR-HD
2%
Sonic Unleashed Shadi
2%
Sonic and the Black Night Sir Persival
2%
Sonic Boom: Fire & Ice Sonic-bot
2%
Sonic Boom: Fire & Ice Sticks-bot
2%
Sonic Boom: Fire & Ice Tails-bot
2%
Sonic Colors Virtual Hedgehog
2%
Sonic Unleashed Aida
1%
Sonic the Hedgehog (2006) Anna
1%
Sonic Unleashed Barbara
1%
Sonic Dash Bash
1%
Sonic Unleashed Boss
1%
Sonic Unleashed Brenda Hernandez
1%
Sonic Boom: Rise of Lyric Buddy Bot
1%
Sonic Dash 2: Sonic Boom Burnbot
1%
Sonic Adventure Chaclon
1%
Sonic Adventure 2: Battle Chaoko
1%
Sonic Adventure 2: Battle Chaolin
1%
Sonic Adventure 2: Battle Chaosky
1%
Sonic Rush Adventure Colonel
1%
Sonic Chronicles: The Dark Brotherhood Commander Syrax
1%
Sonic Rush Adventure Daikun
1%
Sonic Unleashed David
1%
Tails Adventure Doctor Fukurokov
1%
Sonic Chronicles: The Dark Brotherhood Doctor Madden
1%
Sonic Dream Team Dr. Crabulous
1%
Sonic Unleashed EF-DC1998
1%
Sonic Unleashed Elio
1%
Sonic Unleashed Elizabeth
1%
Sonic Chronicles: The Dark Brotherhood Foreman Krag
1%
Sonic Boom: Rise of Lyric Forman Fred
1%
Sonic the Hedgehog (2006) Frances
1%
Sonic Chronicles: The Dark Brotherhood General Raxos
1%
Sonic Chronicles: The Dark Brotherhood Gentleman
1%
Tails Adventure Great Battle Kukku
1%
Sonic Chronicles: The Dark Brotherhood Haniman
1%
Sonic the Hedgehog (2006) Hatsun
1%
Sonic and the Secret Rings Ifrit Golem
1%
Sonic Unleashed Ippolita
1%
Sonic Unleashed Jamal
1%
Sonic Chronicles: The Dark Brotherhood Joy
1%
Sonic Rush Adventure Kylok
1%
Sonic Chronicles: The Dark Brotherhood Ligaia
1%
Sonic Unleashed Li'l Kate
1%
Sonic Unleashed Lucia
1%
Sonic Boom: Rise of Lyric MAIA
1%
Sonic Unleashed Marcantonio
1%
Sonic Boom: Rise of Lyric Mayor Fink
1%
Sonic Adventure Mr. Know-it-All
1%
Sonic Rush Adventure Muzy
1%
Sonic Chronicles: The Dark Brotherhood N'rrgal Queen
1%
Sonic the Hedgehog (2006) Pinto
1%
Sonic Boom: Rise of Lyric Pokey
1%
Sonic Unleashed Robert
1%
Sonic the Hedgehog (2006) Sabrina
1%
Sonic Boom: Rise of Lyric Salty
1%
Sonic Riders: Zero Gravity SCR-GP
1%
Sonic Rush Adventure Setter
1%
Sonic Unleashed Shuifon
1%
Sonic the Hedgehog (2006) Sophia
1%
Sonic Rush Adventure Tabby
1%
Sonic Chronicles: The Dark Brotherhood Telra
1%
Sonic Chronicles: The Dark Brotherhood Thebes
1%
Sonic Chronicles: The Dark Brotherhood Thelxe
1%
Sonic Adventure 2: Battle Wacky
1%
Sonic Unleashed Wang
1%
Sonic the Hedgehog (2006) Zof
1%
Sonic the Hedgehog (2006) Adriana
0%
Sonic the Hedgehog (2006) Alan
0%
Sonic the Hedgehog (2006) Alberto Robert
0%
Sonic the Hedgehog (2006) Alessio
0%
Sonic the Hedgehog (2006) Alfano
0%
Sonic Unleashed Ana
0%
Sonic the Hedgehog (2006) Antonio
0%
Sonic Unleashed Ara
0%
Sonic the Hedgehog (2006) Aristo
0%
Sonic Boom: Fire & Ice Ballot Stuffer Bot
0%
Sonic Chronicles: The Dark Brotherhood Barbo
0%
Sonic Chronicles: The Dark Brotherhood Belgog
0%
Sonic Chronicles: The Dark Brotherhood Bepke
0%
Sonic the Hedgehog (2006) Berruni
0%
Sonic Chronicles: The Dark Brotherhood Blayze
0%
Sonic Chronicles: The Dark Brotherhood Bobo
0%
Sonic and the Secret Rings Captain Beamoth
0%
Sonic Unleashed Charles
0%
Sonic Chronicles: The Dark Brotherhood Cheezlet
0%
Sonic Chronicles: The Dark Brotherhood Choo
0%
Sonic Chronicles: The Dark Brotherhood Choopaloo
0%
Sonic Chronicles: The Dark Brotherhood Churdle
0%
Sonic Unleashed Ciccio
0%
Sonic the Hedgehog (2006) Claudia
0%
Sonic Chronicles: The Dark Brotherhood Croesus
0%
Sonic the Hedgehog (2006) Dante
0%
Sonic Unleashed Def Big
0%
Sonic Unleashed Denise
0%
Sonic Unleashed Dimah
0%
Sonic Boom: Rise of Lyric Doc Ginger
0%
Sonic Unleashed Dora
0%
Sonic Chronicles: The Dark Brotherhood Dusty
0%
Sonic Unleashed EF-MD1991
0%
Sonic Unleashed EF-XB2006
0%
Sonic Boom: Fire & Ice Eggman-bot
0%
Sonic Unleashed Ehsan
0%
Sonic the Hedgehog (2006) Elkan
0%
Sonic Unleashed Erhan
0%
Sonic Unleashed Essie
0%
Sonic the Hedgehog (2006) Fabio
0%
Sonic Unleashed Federica
0%
Sonic Chronicles: The Dark Brotherhood Ferox
0%
Sonic Chronicles: The Dark Brotherhood Fess
0%
Sonic Boom: Fire & Ice Fire Bot
0%
Sonic the Hedgehog (2006) Francesca
0%
Sonic Unleashed Franco
0%
Sonic the Hedgehog (2006) Galienna
0%
Sonic Chronicles: The Dark Brotherhood Ghise
0%
Sonic Chronicles: The Dark Brotherhood Gibber
0%
Sonic Unleashed Gigi
0%
Sonic the Hedgehog (2006) Giorio
0%
Sonic Chronicles: The Dark Brotherhood Griff
0%
Sonic Dream Team Guardian Hunter
0%
Sonic the Hedgehog (2006) Guido
0%
Sonic Unleashed Gwek
0%
Sonic Unleashed Haulin
0%
Sonic Chronicles: The Dark Brotherhood Hayda
0%
Sonic Boom: Rise of Lyric Hayward
0%
Sonic the Hedgehog (2006) Herman
0%
Sonic Unleashed Hizir
0%
Sonic Boom: Rise of Lyric Hokey
0%
Sonic Unleashed Iman
0%
Sonic Unleashed Irma
0%
Sonic Unleashed Jari-Peka
0%
Sonic Unleashed Jari-Thure
0%
Sonic Unleashed Jinlin
0%
Sonic Chronicles: The Dark Brotherhood Jirna
0%
Sonic Unleashed Josef
0%
Sonic Unleashed Kaeo
0%
Sonic Chronicles: The Dark Brotherhood Kayla
0%
Sonic the Hedgehog (2006) Ken Williams
0%
Sonic Chronicles: The Dark Brotherhood Keroyo
0%
Sonic Chronicles: The Dark Brotherhood Knickt
0%
Sonic Unleashed Kofi
0%
Sonic Chronicles: The Dark Brotherhood Koolet
0%
Sonic Chronicles: The Dark Brotherhood Korus
0%
Sonic Unleashed Kwami
0%
Sonic Unleashed Kwod
0%
Sonic Unleashed Labib
0%
Sonic Unleashed Latif
0%
Sonic Unleashed Layla
0%
Sonic Chronicles: The Dark Brotherhood Leucosia
0%
Sonic the Hedgehog (2006) Liza
0%
Sonic the Hedgehog (2006) Lord Reigis
0%
Sonic Unleashed Louie Montaine
0%
Sonic Chronicles: The Dark Brotherhood Luunan
0%
Sonic the Hedgehog (2006) Manici
0%
Sonic Unleashed Marketa
0%
Sonic Unleashed Mauro
0%
Sonic Boom: Fire & Ice Mega Bot
0%
Sonic the Hedgehog (2006) Mikhail
0%
Sonic the Hedgehog (2006) Monica
0%
Sonic Unleashed Mufid
0%
Sonic Unleashed Nagi
0%
Sonic Unleashed Natalia
0%
Sonic the Hedgehog (2006) Nicolo
0%
Sonic Boom: Fire & Ice Obliterator Bot
0%
Sonic Chronicles: The Dark Brotherhood Oldarg
0%
Sonic Boom: Rise of Lyric Old Tucker
0%
Sonic Chronicles: The Dark Brotherhood Oolean
0%
Sonic Unleashed Otto
0%
Sonic Chronicles: The Dark Brotherhood Ovus
0%
Sonic the Hedgehog (2006) Paganini
0%
Sonic the Hedgehog (2006) Parr
0%
Sonic Boom: Rise of Lyric Pepper
0%
Sonic Chronicles: The Dark Brotherhood Perty
0%
Sonic the Hedgehog (2006) Pietro
0%
Sonic the Hedgehog (2006) Porta
0%
Sonic the Hedgehog (2006) Prodi
0%
Sonic the Hedgehog (2006) Pucci
0%
Sonic the Hedgehog (2006) Puccini
0%
Sonic Chronicles: The Dark Brotherhood Pyras
0%
Sonic Chronicles: The Dark Brotherhood Radu
0%
Sonic Unleashed Raimondo
0%
Sonic Unleashed Raniya
0%
Sonic the Hedgehog (2006) Renzo
0%
Sonic Chronicles: The Dark Brotherhood Riadne
0%
Sonic the Hedgehog (2006) Roberta
0%
Sonic the Hedgehog (2006) Rossi
0%
Sonic Unleashed Rudi
0%
Sonic Chronicles: The Dark Brotherhood Rugle
0%
Sonic Unleashed Sadiq
0%
Sonic Unleashed Safi
0%
Sonic Unleashed Sa'id
0%
Sonic Unleashed Samia
0%
Sonic Unleashed Sammar
0%
Sonic the Hedgehog (2006) Sandro
0%
Sonic and the Secret Rings Sand Scorpion
0%
Sonic Unleashed Sarianna
0%
Sonic Chronicles: The Dark Brotherhood Seeri
0%
Sonic Chronicles: The Dark Brotherhood Seggo
0%
Sonic Chronicles: The Dark Brotherhood Spartoi
0%
Sonic Chronicles: The Dark Brotherhood Stebsly
0%
Sonic Chronicles: The Dark Brotherhood Stiglin
0%
Sonic Chronicles: The Dark Brotherhood Stugs
0%
Sonic Unleashed Teanchai
0%
Sonic Dream Team The Four Man
0%
Sonic Unleashed Ursule
0%
Sonic Unleashed Utba
0%
Sonic Chronicles: The Dark Brotherhood Velk
0%
Sonic Unleashed Yasmine
0%
Sonic Unleashed Yawa
0%
Sonic Unleashed Yaya
0%
Sonic Unleashed Yilin
0%
Sonic Chronicles: The Dark Brotherhood Zimba
0%
Sonic Unleashed Zonshen
0%
Sonic Chronicles: The Dark Brotherhood Zousar
0%
No matching quizzes found
Score Distribution
Percent of People with Each Score
Percentile by Number Answered
Your Score History
You have not taken this quiz since the last reset